000 00690nam a2200265Ia 4500
005 20260121172351.0
008 008 260114s9999 xx 000 0 eng d
020 _a9783030571771
037 _aEBOOK
040 _aCRL
040 _beng
040 _cCRL
041 _2eng
041 _aeng
084 _qCRL
100 _aJinjiang Li, Mary E. Krause, Raymond Tu
_91087570
245 0 _aProtein Instability at Interfaces During Drug Product Development
260 _bSpringer
260 _bSpringer
260 _c2021
856 _uhttps://link.springer.com/openurl?genre=book&isbn=978-3-030-57177-1
942 _cEBOOK
999 _c1653308
_d1653308